Pueblos de Segovia - Estadísticas

Estadísticas generales
  • Esta prueba ha sido intentada 155 veces
  • La puntuación promedio es 31 de 207
Estadísticas de respuestas
Respuesta % Correcto
Cuéllar
77%
Cantalejo
58%
Coca
57%
Sepulveda
56%
Pedraza
55%
Segovia
52%
Carbonero el mayor
51%
Riaza
51%
Turégano
51%
Navas de oro
48%
Cantimpalos
47%
Ayllón
44%
Abades
43%
Nava de la asunción
43%
Torrecaballeros
43%
El espinar
42%
La lastrilla
41%
Aguilafuente
37%
Bernuy de porreros
34%
Mozoncillo
34%
Navalmanzano
34%
Santa maria la real de nieva
34%
Cerezo de abajo
33%
Valverde del majano
33%
Fuentepelayo
32%
Boceguillas
30%
Gomezserracin
30%
Lastras de cuellar
30%
Otero de herreros
30%
Sanchonuño
30%
Cabezuela
29%
Nieva
29%
Prádena
29%
Garcillán
28%
Navafría
27%
San cristobal de segovia
27%
Chañe
26%
Adrados
25%
Bernardos
25%
Fuentidueña
23%
Sotosalbos
23%
Muñopedro
22%
Sacramenia
22%
Villacastin
22%
Valseca
21%
Anaya
20%
La losa
20%
Olombrada
20%
Ortigosa del monte
20%
San miguel de bernuy
20%
Zarzuela del pinar
20%
Matabuena
19%
Arcones
18%
Marugan
18%
Sebulcor
18%
Zarzuela del monte
18%
Añe
17%
collado hermoso
17%
Juarros de Voltoya
17%
Maderuelo
17%
Martín muñoz de las posadas
17%
Pinarnegrillo
17%
Santo tomé del puerto
17%
Vallelado
17%
Casla
16%
Escarabajosa de cabezas
16%
Espirdo
16%
Martín miguel
16%
Muñoveros
16%
Santiuste de san juan bautista
16%
Vegas de matute
16%
Aldea Real
15%
Codorniz
15%
Miguelañez
15%
Navares de enmedio
15%
Navas de san antonio
15%
Brieva
14%
Fuenterrebollo
14%
Fuentesauco de fuentidueña
14%
La matilla
14%
Pinarejos
14%
Samboal
14%
Yanguas de eresma
14%
Barbolla
13%
Bercial
13%
Sangarcía
13%
Torreiglesias
13%
Torre val de san pedro
13%
Adrada de Pirón
12%
Armuña
12%
Navas de riofrío
12%
San pedro de gaillos
12%
Tabanera la luenga
12%
Aldeasoña
11%
Cabañas de polendos
11%
Duruelo
11%
Fresno de cantespino
11%
Ituero y lama
11%
Roda de eresma
11%
Sauquillo de cabezas
11%
Torrecilla del pinar
11%
Valdeprados
11%
VIllaverde de iscar
11%
Aldealcorvo
10%
Caballar
10%
Cozuelos de fuentidueña
10%
Escobar de polendos
10%
Frumales
10%
Grajera
10%
Lastras del pozo
10%
Perosillo
10%
San cristobal de cuellar
10%
Urueñas
10%
Bercimuel
9%
Campo de san pedro
9%
Fuentepiñel
9%
Marazoleja
9%
Marazuela
9%
Martín muñoz de la dehesa
9%
Navalilla
9%
Navares de las cuevas
9%
Rebollo
9%
Remondo
9%
Carrascal del rio
8%
Castillejo de mesleón
8%
Labajos
8%
Ribota
8%
Venganzones
8%
Aldeanueva de la Serrezuela
7%
Aldeanueva del codonal
7%
Arahuetes
7%
Carabias
7%
Castroserna de abajo
7%
corral de ayllon
7%
Fresneda de cuellar
7%
Fresno de la fuente
7%
Fuente el olmo de fuentidueña
7%
Gallegos
7%
Mata de cuellar
7%
Melque de cercos
7%
Monterrubio
7%
Riofrío de riaza
7%
San cristobal de la vega
7%
San martín y mudrián
7%
Sotillo
7%
Valtiendas
7%
Aldehorno
6%
Calabazas de fuentidueña
6%
Castroserracin
6%
Encinas
6%
Fuentesoto
6%
Honrubia de la cuesta
6%
Torreadrada
6%
Alconada de Maderuelo
5%
Cobos de fuentidueña
5%
Encinillas
5%
Fuente el olmo de iscar
5%
Juarros de Riomoros
5%
Montejo de la vega de la serrezuela
5%
Pajarejos
5%
Aldealengua de Santa Maria
4%
Aldeonte
4%
Castrojimeno
4%
Fuente de santa cruz
4%
Orejana
4%
Ortigosa de pestaño
4%
Sequera de fresno
4%
Tolocirio
4%
Arevalillo de cega
3%
Cedillo de la torre
3%
Laguna de contreras
3%
Languilla
3%
Pelayos del arroyo
3%
Puebla de pedraza
3%
Riaguas de san bartolomé
3%
Santa marta del cerro
3%
Santo domingo de pirón
3%
Villeguillo
3%
Aldealengua de Pedraza
2%
Castro de fuentidueña
2%
Cubillo
2%
Domingo garcía
2%
Donhierro
2%
Moral de hornuez
2%
Real sitio de san idelfonso
2%
Valdevacas de montejo
2%
Valle de tabladillo
2%
Valleruela de pedraza
2%
Valleruela de sepulveda
2%
Ventosilla y tejadilla
2%
Villaverde de montejo
2%
Cerzo de arriba
1%
Condado de castilnovo
1%
Hontares de eresma
1%
Montejo de arévalo
1%
Aldehuela del codornal
0%
cuevas de provando
0%
Escalona dle prado
0%
Huertos
0%
Membire de la hoz
0%
Navares de aysuo
0%
Palzuelos de eresma
0%
Rpariegos
0%
Santituste de pedraza
0%
Silleruelo de san mamés
0%
Trscasas
0%
Valdevacas y guijar
0%
No se encontraron pruebas coincidentes
Distribución de puntuación
Porcentaje de gente con cada puntuación
Porcentaje por número respondido
Historial de tus puntuaciones
No has intentado esta prueba.